ბათუმის შოთა რუსთაველის სახელმწიფო უნივერსიტეტის ბიბლიოთეკა

Памяти Юрия Германовича Виноградова : (ბიბ.ჩანაწერი № 61107)

000 -LEADER
fixed length control field 00944nam a22001817a 4500
005 - DATE AND TIME OF LATEST TRANSACTION
control field 20231220105139.0
008 - FIXED-LENGTH DATA ELEMENTS--GENERAL INFORMATION
fixed length control field 231220s2001 ru ||||| |||| 00| 0 rus d
020 ## - INTERNATIONAL STANDARD BOOK NUMBER
International Standard Book Number 966959944X
041 ## - LANGUAGE CODE
Language code of text/sound track or separate title rus
080 ## - UNIVERSAL DECIMAL CLASSIFICATION NUMBER
Universal Decimal Classification number 94(3)(082)+904+930 П-15
245 ## - TITLE STATEMENT
Title Памяти Юрия Германовича Виноградова :
Remainder of title Херсонесский сборник. Выпуск 11. Сборник научных статей /
Statement of responsibility, etc. Ред. М.И. Золотарев.
264 ## - PRODUCTION, PUBLICATION, DISTRIBUTION, MANUFACTURE, AND COPYRIGHT NOTICE
Place of production, publication, distribution, manufacture Севастополь,
Date of production, publication, distribution, manufacture, or copyright notice 2001.
300 ## - PHYSICAL DESCRIPTION
Extent 192 с.:
Other physical details ил.;
Dimensions 25 см.
653 ## - INDEX TERM--UNCONTROLLED
keyword ქერსონესოს კოლექცია
653 ## - INDEX TERM--UNCONTROLLED
keyword სამეცნიერო სტატიების კრებული იური გერმანოვიჩ ვინოგრადოვის ხსოვნისადმი
700 ## - ADDED ENTRY--PERSONAL NAME
Personal name Золотарев, М.И.
Relator term რედაქტორი
9 (RLIN) 20798
942 ## - ADDED ENTRY ELEMENTS (KOHA)
Source of classification or shelving scheme
Koha item type წიგნი
ეგზემპლარები
Withdrawn status Lost status Source of classification or shelving scheme Damaged status Not for loan Permanent Location Current Location Shelving location Date acquired Cost, normal purchase price Full call number Barcode Date last seen Copy number Uniform Resource Identifier Price effective from Koha item type Public note
          ბათუმის შოთა რუსთაველის სახელმწიფო უნივერსიტეტის მთავარი ბიბლიოთეკა ბათუმის შოთა რუსთაველის სახელმწიფო უნივერსიტეტის მთავარი ბიბლიოთეკა წიგნსაცავი 2023-12-20 8.00 94(3)(082)+904+930 П-15 65621 2023-12-20 65621 ბსუ-ს საპატიო დოქტორის გურამ ლორთქიფანიძის საჩუქარი 2023-12-20 წიგნი 8 ლ.